|
|
|
|
| LEADER |
01079nam a2200301 a 4500 |
| 001 |
5807 |
| 003 |
BD-DhAAL |
| 005 |
20151003202743.0 |
| 008 |
030129s2002 enk p 000 0 eng |
| 010 |
|
|
|a 2003268280
|
| 020 |
|
|
|a 0749438339 (cover : pbk.)
|
| 040 |
|
|
|a VZE
|c VZE
|d DLC
|d BD-DhAAL
|
| 050 |
0 |
0 |
|a HD53
|b .C567 2002
|
| 082 |
|
|
|a 650.1
|
| 100 |
1 |
|
|a Clegg, Brian.
|9 15010
|
| 245 |
1 |
0 |
|a Crash course in creativity /
|c Brian Clegg, Paul Birch.
|
| 260 |
|
|
|a London :
|b Kogan Page,
|c 2002.
|
| 300 |
|
|
|a x, 243 p. ;
|c 24 cm.
|
| 500 |
|
|
|a ISBN 0749438347 on verso of t.p. is same as ISBN for the author's Crash course in managing people.
|
| 504 |
|
|
|a Includes bibliographic references.
|
| 541 |
|
|
|e 5807
|
| 650 |
|
0 |
|a Creative ability in business.
|9 15081
|
| 650 |
|
0 |
|a Management.
|9 15082
|
| 650 |
|
0 |
|a Creative thinking.
|9 12169
|
| 700 |
1 |
|
|a Birch, Paul.
|9 15012
|
| 942 |
|
|
|2 ddc
|c BK
|
| 999 |
|
|
|c 35672
|d 35672
|
| 952 |
|
|
|0 0
|1 0
|2 ddc
|4 0
|6 650_100000000000000_CLE
|7 0
|9 56097
|a SCL
|b SCL
|c GEN
|d 2015-10-03
|g 590.00
|l 4
|m 26
|o 650.1 CLE
|p 3020005807
|r 2023-04-08
|s 2023-03-10
|t 1
|w 2015-10-03
|y BK
|